Statistics for Famous World Leaders

Click here to take the quiz!

General Stats

  • This quiz has been taken 72 times
    (51 since last reset)
  • The average score is 14 of 20

Answer Stats

RuleHintName% Correct
1947-1948Leader of Indian resistance against British ruleMahatma Gandhi
93%
1799-1815Creator of the French Empire, conquered most of EuropeNapoleon Bonaparte
93%
1940-1945, 1951-1955British prime minister who refused to surrender in WWIIWinston Churchill
93%
1933-1945Led the US through the Great Depression and WWIIFranklin D. Roosevelt
91%
49-44 BCConquered Gaul and became dictator of RomeJulius Caesar
89%
1994-1999South African politician who allowed Africans to voteNelson Mandela
82%
1959-2008Marxist politician who set up a Communist regime in CubaFidel Castro
80%
1206-1227Creator of the Mongol Empire, conquered most of AsiaGenghis Khan
78%
1819-1830"El Libertador" who ended Spanish rule in South AmericaSimón Bolívar
78%
1871-1890"Iron Chancellor" who unified Germany under Prussian ruleOtto von Bismarck
73%
1943-1980Main architect of socialist Yugoslavia and resistance in WWIIJosip Broz Tito
71%
1682-1725Changed Russia into a great power and built St. PetersburgPeter the Great
71%
336-323 BCFirst to build an empire that encompasses three continentsAlexander the Great
69%
768-814Creator of the Holy Roman Empire, King of the FranksCharlemagne
64%
1923-1938Promoted westernization and democracy in TurkeyMustafa Kemal Atatürk
64%
1947-1964Promoted science, secularism and democracy in IndiaJawaharlal Nehru
40%
1954-1970Founded the United Arab Republic, claimed the Suez CanalGamal Abdel Nasser
38%
1959-1990"Benevolent dictator" who made Singapore strong and richLee Kuan Yew
36%
1911-1912Founder of the Republic of China and terminated feudalismSun Yat-Sen
31%
221-210 BCUnified China, constructed the Great Wall to keep out HunsQin Shi Huang
29%

Score Distribution

Percentile by Number Answered

Percent of People with Each Score

Your Score History

You have not taken this quiz since the last reset